[Event "Biella op"]
[Site "Biella"]
[Date "2014.09.27"]
[Round "2"]
[White "Scagliotti, Guglielmo"]
[Black "Sgnaolin, Davide"]
[Result "0-1"]
[WhiteElo "1910"]
[BlackElo "2207"]
[PlyCount "166"]
[EventDate "2014.09.26"]
[EventType "swiss"]
[EventRounds "5"]
[EventCountry "ITA"]
[SourceTitle "EXT 2016"]
[Source "ChessBase"]
[SourceDate "2015.10.08"]
[SourceVersion "1"]
[SourceVersionDate "2015.10.08"]
[SourceQuality "1"]

1. f4 d5 2. Nf3 Nf6 3. g3 Bg4 4. Bg2 Nbd7 5. d4 e6 6. Be3 Be7 7. Nbd2 h6 8. 0-0 c5 9. c3 0-0 10. Kh1 Qb6 11. Qb3 Qa6 12. Rfe1 Rac8 13. h3 Bf5 14. Ne5 Nxe5 15. fxe5 Nd7 16. a4 Qb6 17. Qxb6 Nxb6 18. a5 Nd7 19. Bf2 f6 20. exf6 Nxf6 21. Kg1 cxd4 22. Bxd4 Bc5 23. e3 Rfe8 24. g4 Bd3 25. Nf3 Be4 26. Ne5 Bxg2 27. Kxg2 Bd6 28. Nd3 Bb8 29. Be5 Ne4 30. Bxb8 Rxb8 31. Re2 Rf8 32. Ne5 Rbd8 33. Ra4 Rfe8 34. Rb4 Nd6 35. Rf2 Rf8 36. Rxf8+ Rxf8 37. Nd7 Rf7 38. Nc5 Re7 39. Kf3 Kf7 40. Rf4+ Ke8 41. Rb4 Kd8 42. Ke2 Kc7 43. Rf4 Nc4 44. b4 b6 45. axb6+ axb6 46. Nb3 e5 47. Rf1 Kc6 48. Ra1 Rf7 49. Ra8 Nd6 50. Nd2 Rc7 51. Kd3 e4+ 52. Kc2 Rf7 53. Nb3 Rf2+ 54. Kd1 Nc4 55. Nd4+ Kb7 56. Rd8 Nxe3+ 57. Ke1 Rh2 58. Rd7+ Kc8 59. Rxg7 Rxh3 60. Rg8+ Kd7 61. Rg7+ Kd6 62. Rg6+ Ke5 63. Rxb6 Nxg4 64. Ne2 e3 65. Kd1 Rh1+ 66. Kc2 h5 67. Rb8 h4 68. Re8+ Kd6 69. Rd8+ Ke5 70. b5 Re1 71. Nc1 Rf1 72. b6 Rf2+ 73. Kd1 Rf7 74. Rh8 h3 75. Nd3+ Kd6 76. Ke2 h2 77. Rh4 Kc6 78. Nb4+ Kc5 79. b7 Rxb7 80. Kf3 Re7 81. Nd3+ Kc4 82. Nf4 Re4 83. Ne2 Ne5+ 0-1

[Event "Biella op"]
[Site "Biella"]
[Date "2014.09.27"]
[Round "3"]
[White "Ubezio, Marco"]
[Black "Scagliotti, Guglielmo"]
[Result "1-0"]
[WhiteElo "2100"]
[BlackElo "1910"]
[PlyCount "73"]
[EventDate "2014.09.26"]
[EventType "swiss"]
[EventRounds "5"]
[EventCountry "ITA"]
[SourceTitle "EXT 2016"]
[Source "ChessBase"]
[SourceDate "2015.10.08"]
[SourceVersion "1"]
[SourceVersionDate "2015.10.08"]
[SourceQuality "1"]

1. d4 f5 2. g3 g6 3. Bg2 Nf6 4. Nh3 Bg7 5. Nf4 d6 6. d5 a5 7. Nc3 Na6 8. 0-0 0-0 9. Nb5 Bd7 10. Nd4 Nc5 11. c3 a4 12. Rb1 Nfe4 13. Be3 Qe8 14. Qc2 g5 15. Nfe6 Bxe6 16. dxe6 Qh5 17. f3 f4 18. fxe4 fxe3 19. Rf5 c6 20. Rbf1 Qg6 21. Qc1 h6 22. Qxe3 Nxe6 23. Nxe6 Qxe6 24. Bh3 Rxf5 25. Bxf5 Qxa2 26. Qb6 Qc4 27. Qxb7 Qc5+ 28. Kh1 Qa7 29. Qxc6 Rf8 30. Be6+ Kh8 31. Rf3 a3 32. bxa3 Rb8 33. Bc8 Rb1+ 34. Kg2 Qg1+ 35. Kh3 g4+ 36. Bxg4 Rf1 37. Qe8+ 1-0

[Event "Bratto op-B 34th"]
[Site "Bratto"]
[Date "2014.08.27"]
[Round "5"]
[White "Scagliotti, Guglielmo"]
[Black "Gennaro, Isabella"]
[Result "1-0"]
[WhiteElo "1910"]
[BlackElo "1819"]
[PlyCount "31"]
[EventDate "2014.08.23"]
[EventType "swiss"]
[EventRounds "8"]
[EventCountry "ITA"]
[SourceTitle "EXT 2017"]
[Source "ChessBase"]
[SourceDate "2016.10.25"]
[SourceVersion "1"]
[SourceVersionDate "2016.10.25"]
[SourceQuality "1"]

1. e4 c5 2. c3 Nc6 3. d4 cxd4 4. cxd4 d5 5. exd5 Qxd5 6. Nf3 Bg4 7. Be2 Nf6 8. Nc3 Qd8 9. d5 Bxf3 10. Bxf3 Ne5 11. 0-0 g6 12. Bf4 Nxf3+ 13. Qxf3 Nh5 14. Nb5 Nxf4 15. Qxf4 Rc8 16. d6 1-0

[Event "Bratto op-B 34th"]
[Site "Bratto"]
[Date "2014.08.23"]
[Round "1"]
[White "Scagliotti, Guglielmo"]
[Black "Papa, Angelo"]
[Result "1/2-1/2"]
[WhiteElo "1910"]
[BlackElo "1754"]
[PlyCount "120"]
[EventDate "2014.08.23"]
[EventType "swiss"]
[EventRounds "8"]
[EventCountry "ITA"]
[SourceTitle "EXT 2017"]
[Source "ChessBase"]
[SourceDate "2016.10.25"]
[SourceVersion "1"]
[SourceVersionDate "2016.10.25"]
[SourceQuality "1"]

1. e4 g6 2. d4 Bg7 3. Nc3 c6 4. Be3 d6 5. Bd3 Nf6 6. h3 0-0 7. Qd2 Nbd7 8. Nf3 b5 9. a3 a6 10. Bh6 e5 11. dxe5 dxe5 12. 0-0 Re8 13. Bg5 Qc7 14. Rad1 Bb7 15. Rfe1 Nc5 16. Qe3 Ne6 17. Bh4 Rad8 18. Ne2 Nf4 19. Nxf4 exf4 20. Qc1 Rd7 21. Bxf6 Bxf6 22. c3 c5 23. Bc2 Rde7 24. Nd2 c4 25. f3 Bh4 26. Re2 Qc5+ 27. Kh1 Bf2 28. Nf1 g5 29. Qd2 Bh4 30. Qd6 Qxd6 31. Rxd6 Re6 32. Rxe6 Rxe6 33. Kg1 Kf8 34. Nd2 Ke7 35. Kf1 Kd6 36. e5+ Rxe5 37. Rxe5 Kxe5 38. Bxh7 f5 39. a4 Bc8 40. axb5 axb5 41. Bg8 g4 42. hxg4 fxg4 43. Bf7 Bd7 44. Bh5 g3 45. Ke2 Bd8 46. Bg4 Bc6 47. b3 cxb3 48. Nxb3 Bb6 49. Kd3 Bf2 50. Ke2 Bb6 51. Kd2 Be8 52. Bc8 Bc6 53. Bg4 Bd5 54. Kc2 Bc6 55. Nc1 Be3 56. Nd3+ Kd6 57. Nb4 Bb6 58. Nd3 Be3 59. Nb4 Bd5 60. Nxd5 Kxd5 1/2-1/2

[Event "Milan Palladino Memorial-A 6th"]
[Site "Milan"]
[Date "2014.04.19"]
[Round "4"]
[White "Scagliotti, Guglielmo"]
[Black "Colica, Daniele"]
[Result "1-0"]
[WhiteElo "1896"]
[BlackElo "1727"]
[PlyCount "117"]
[EventDate "2014.04.17"]
[EventType "swiss"]
[EventRounds "7"]
[EventCountry "ITA"]
[SourceTitle "EXT 2015"]
[Source "ChessBase"]
[SourceDate "2014.11.20"]
[SourceVersion "1"]
[SourceVersionDate "2014.11.20"]
[SourceQuality "1"]

1. e4 d5 2. exd5 Nf6 3. Bb5+ Nbd7 4. c4 a6 5. Bxd7+ Bxd7 6. Ne2 e6 7. dxe6 Bxe6 8. b3 Qd3 9. 0-0 0-0-0 10. Nf4 Qd4 11. Nxe6 fxe6 12. Nc3 Bb4 13. Qe2 e5 14. Bb2 Qxd2 15. Rad1 Qxe2 16. Nxe2 Rhe8 17. Ng3 Rd2 18. Rxd2 Bxd2 19. Rd1 Bf4 20. Ne2 Bh6 21. Nc3 g6 22. Nd5 Nxd5 23. Rxd5 Bg7 24. f4 c6 25. Rd1 Re7 26. Re1 Kd7 27. fxe5 Ke6 28. g4 Rd7 29. Re2 Bh6 30. Kf2 Rd3 31. Kg2 Bf4 32. Rf2 g5 33. Re2 Rd2 34. Rxd2 Bxd2 35. Kf3 Bf4 36. h4 h6 37. hxg5 hxg5 38. Ke4 Bd2 39. a4 Bf4 40. Bc3 Bc1 41. b4 Bf4 42. b5 axb5 43. cxb5 cxb5 44. axb5 Bc1 45. Kd4 Ba3 46. Ke4 Bc1 47. Bb4 Bf4 48. Bc3 Bc1 49. Bd4 Bf4 50. Bb2 Bd2 51. Kd4 Bb4 52. Bc1 Be7 53. Ke4 Bd8 54. Be3 Be7 55. b6 Bd8 56. Bc5 Kd7 57. Kd5 Ke8 58. Ke6 Bc7 59. bxc7 1-0

[Event "Bratto op-B 33rd"]
[Site "Bratto"]
[Date "2013.08.23"]
[Round "6"]
[White "Scagliotti, Guglielmo"]
[Black "Dubois, Martine"]
[Result "0-1"]
[WhiteElo "1840"]
[BlackElo "1995"]
[PlyCount "78"]
[EventDate "2013.08.18"]
[EventType "swiss"]
[EventRounds "8"]
[EventCountry "ITA"]
[SourceTitle "EXT 2015"]
[Source "ChessBase"]
[SourceDate "2014.11.20"]
[SourceVersion "1"]
[SourceVersionDate "2014.11.20"]
[SourceQuality "1"]

1. f4 d5 2. Nf3 g6 3. g3 Bg7 4. Bg2 c6 5. d3 Nh6 6. c3 0-0 7. 0-0 Qb6+ 8. d4 Nd7 9. Qb3 a5 10. Ne5 Qa7 11. Kh1 Nf5 12. e4 dxe4 13. Bxe4 Nf6 14. Bg2 Be6 15. Qc2 Rfd8 16. Qf2 Bd5 17. Nd2 Bxg2+ 18. Kxg2 h5 19. Ndf3 e6 20. h3 Ne4 21. Qc2 Nexg3 22. Rg1 Qa6 23. Kf2 h4 24. Nxh4 Nxh4 25. Rxg3 Nf5 26. Rg2 c5 27. dxc5 Bxe5 28. fxe5 Qc4 29. Bg5 Qxc5+ 30. Kf3 Qxe5 31. Bxd8 Qe3+ 32. Kg4 Rxd8 33. Qf2 Qe4+ 34. Kg5 Rd5 35. Rg4 Nh6+ 36. Kh4 Nxg4 37. hxg4 Rh5+ 38. Kg3 Qd3+ 39. Kf4 e5# 0-1

[Event "Bratto op-B 33rd"]
[Site "Bratto"]
[Date "2013.08.22"]
[Round "5"]
[White "Scagliotti, Guglielmo"]
[Black "Razzano, Lorenzo"]
[Result "1-0"]
[WhiteElo "1840"]
[BlackElo "1988"]
[PlyCount "85"]
[EventDate "2013.08.18"]
[EventType "swiss"]
[EventRounds "8"]
[EventCountry "ITA"]
[SourceTitle "EXT 2015"]
[Source "ChessBase"]
[SourceDate "2014.11.20"]
[SourceVersion "1"]
[SourceVersionDate "2014.11.20"]
[SourceQuality "1"]

1. e4 e5 2. f4 exf4 3. Bc4 Nc6 4. Nf3 g5 5. h4 g4 6. Ng5 Ne5 7. Bb3 d6 8. d4 h6 9. dxe5 hxg5 10. Qd5 Be6 11. Qxb7 Be7 12. Nc3 dxe5 13. Qb5+ Kf8 14. Bxe6 fxe6 15. Qxe5 Rh6 16. Bd2 Bd6 17. Qd4 e5 18. Qc4 Rb8 19. 0-0-0 Rb4 20. Qe2 Qb8 21. b3 g3 22. hxg5 Rxh1 23. Rxh1 Qc8 24. Nd5 Rd4 25. Bc3 Rxd5 26. exd5 Qf5 27. Re1 Qxg5 28. Kb1 Nf6 29. Bxe5 Nxd5 30. Bxd6+ cxd6 31. Qe8+ Kg7 32. Qd7+ Kg6 33. Qxd6+ Nf6 34. Qd3+ Qf5 35. Qf3 Qg4 36. Qxg4+ Nxg4 37. c4 Kf5 38. c5 Ne5 39. Kc2 f3 40. gxf3 Nxf3 41. Rd1 g2 42. c6 Nd4+ 43. Kb2 1-0

[Event "Bratto op-B 33rd"]
[Site "Bratto"]
[Date "2013.08.19"]
[Round "2"]
[White "Grazzi, Roberto"]
[Black "Scagliotti, Guglielmo"]
[Result "1-0"]
[WhiteElo "2021"]
[BlackElo "1840"]
[PlyCount "93"]
[EventDate "2013.08.18"]
[EventType "swiss"]
[EventRounds "8"]
[EventCountry "ITA"]
[SourceTitle "EXT 2015"]
[Source "ChessBase"]
[SourceDate "2014.11.20"]
[SourceVersion "1"]
[SourceVersionDate "2014.11.20"]
[SourceQuality "1"]

1. e4 c5 2. c3 d5 3. exd5 Qxd5 4. d4 Nc6 5. Nf3 cxd4 6. cxd4 e5 7. Nc3 Bb4 8. Bd2 Bxc3 9. Bxc3 e4 10. Ne5 Nxe5 11. dxe5 Ne7 12. Qd4 Be6 13. Be2 0-0 14. 0-0 Rfd8 15. Rfd1 Qxd4 16. Rxd4 Rxd4 17. Bxd4 Nc6 18. Bc3 Rd8 19. Kf1 a6 20. a3 Bb3 21. f3 exf3 22. Bxf3 Bd5 23. Rd1 Bxf3 24. Rxd8+ Nxd8 25. gxf3 Ne6 26. Kf2 Kf8 27. Ke3 Ke7 28. f4 g6 29. Bb4+ Kd7 30. Ke4 Ng7 31. Kd5 Ne6 32. Bd2 h5 33. b3 Kc7 34. Be3 Kd7 35. a4 Nc7+ 36. Kc5 b6+ 37. Kxb6 Nd5+ 38. Kxa6 Nxe3 39. Kb7 Nd5 40. a5 Nxf4 41. a6 Ne6 42. a7 Nc7 43. b4 g5 44. b5 g4 45. b6 Na8 46. Kxa8 h4 47. Kb8 1-0

[Event "Milan Epiphany op"]
[Site "Milan"]
[Date "2010.01.05"]
[Round "5"]
[White "Arboscelli, Gregorio"]
[Black "Scagliotti, Guglielmo"]
[Result "1/2-1/2"]
[WhiteElo "1885"]
[BlackElo "1817"]
[PlyCount "69"]
[EventDate "2010.01.02"]
[EventType "swiss"]
[EventRounds "7"]
[EventCountry "ITA"]
[SourceTitle "EXT 2024"]
[Source "ChessBase"]
[SourceDate "2023.10.10"]
[SourceVersion "1"]
[SourceVersionDate "2023.10.10"]
[SourceQuality "1"]

1. d4 Nf6 2. c4 g6 3. Nc3 Bg7 4. e4 d6 5. f3 0-0 6. Be3 Nc6 7. Qd2 e5 8. Nge2 a6 9. 0-0-0 Rb8 10. d5 Ne7 11. g4 b5 12. Ng3 b4 13. Nce2 Ne8 14. h4 c6 15. h5 cxd5 16. cxd5 Qa5 17. Kb1 f6 18. hxg6 hxg6 19. Bh6 Kf7 20. Bxg7 Nxg7 21. Nc1 Bd7 22. Nb3 Qb6 23. Rh2 Rh8 24. Rf2 Rbc8 25. Rc1 Rxc1+ 26. Nxc1 a5 27. b3 Nc8 28. f4 Bxg4 29. fxe5 dxe5 30. Nd3 Qd4 31. Qg5 f5 32. exf5 Bxf5 33. Nxf5 Nxf5 34. Rxf5+ gxf5 35. Qxf5+ 1/2-1/2